Mahathir Mohamad : (Record no. 1560)

000 -LEADER
fixed length control field nam a22 a 4500
003 - CONTROL NUMBER IDENTIFIER
control field AKMAL
005 - DATE AND TIME OF LATEST TRANSACTION
control field 20170511091857.0
008 - FIXED-LENGTH DATA ELEMENTS--GENERAL INFORMATION
fixed length control field 170511s1993 my b 00 eng d
020 ## - INTERNATIONAL STANDARD BOOK NUMBER
International Standard Book Number 9679502880 (pbk.) :
Terms of availability RM 16.00
040 ## - CATALOGING SOURCE
Original cataloging agency AKMAL
082 04 - DEWEY DECIMAL CLASSIFICATION NUMBER
Classification number 320.9595 RAJ
090 00 - LOCALLY ASSIGNED LC-TYPE CALL NUMBER (OCLC); LOCAL CALL NUMBER (RLIN)
Classification number (OCLC) (R) ; Classification number, CALL (RLIN) (NR) 320.9595
Local cutter number (OCLC) ; Book number/undivided call number, CALL (RLIN) RAJ
100 1# - MAIN ENTRY--PERSONAL NAME
Personal name Rajendran, M.
9 (RLIN) 3146
245 10 - TITLE STATEMENT
Title Mahathir Mohamad :
Remainder of title Prime Minister of Malaysia /
Statement of responsibility, etc. M. Rajendran
260 ## - PUBLICATION, DISTRIBUTION, ETC.
Place of publication, distribution, etc. Petaling Jaya :
Name of publisher, distributor, etc. IBS Buku ,
Date of publication, distribution, etc. 1993
300 ## - PHYSICAL DESCRIPTION
Extent 182p. ;
Dimensions 22cm.
504 ## - BIBLIOGRAPHY, ETC. NOTE
Bibliography, etc. note Includes bibliographical references (p. 181-182)
600 #0 - SUBJECT ADDED ENTRY--PERSONAL NAME
Personal name Mahathir bin Mohamad,
Titles and other words associated with a name Dato' Seri,
Dates associated with a name 1925-
9 (RLIN) 5
650 #0 - SUBJECT ADDED ENTRY--TOPICAL TERM
Topical term or geographic name entry element Prime ministers
Geographic subdivision Malaysia
Form subdivision Biography
9 (RLIN) 47
651 ## - SUBJECT ADDED ENTRY--GEOGRAPHIC NAME
Geographic name Malaysia
General subdivision Politics and government
9 (RLIN) 44
651 ## - SUBJECT ADDED ENTRY--GEOGRAPHIC NAME
Geographic name Malaysia
General subdivision Economic policy
9 (RLIN) 49
856 41 - ELECTRONIC LOCATION AND ACCESS
Uniform Resource Identifier ftp://tag856.pnm.gov.my/tag856/buku/9679502880.pdf
Link text Electronic Resource
942 ## - ADDED ENTRY ELEMENTS (KOHA)
Source of classification or shelving scheme
Koha item type Book
Holdings
Withdrawn status Lost status Source of classification or shelving scheme Damaged status Not for loan Collection code Home library Current library Shelving location Date acquired Inventory number Total Checkouts Full call number Barcode Date last seen Price effective from Koha item type
          NON-FICTION AKMAL Melaka AKMAL Melaka PINJAMAN 11.05.2017 303756   320.9595 RAJ 201702936 11.05.2017 11.05.2017 Book
          NON-FICTION AKMAL Melaka AKMAL Melaka PINJAMAN 11.05.2017 303757   320.9595 RAJ 201702938 11.05.2017 11.05.2017 Book
Pusat Sumber Maklumat Dato' Haji Sarmin Md Hussin, Akademi Kastam Diraja Malaysia, Melaka
Tel: 06-2331106 | Faks: 06-2313787